Score 0/20 Timer 05:00
5 Plays Today
% Correct
I got sidetracked.
95.3%
They always multiply.
94.8%
In feudalism, it's your count that votes.
94.5%
It turned out to be an optical Aleutian.
94.1%
He got 12 months.
92.7%
Drop them a line.
92.7%
Udder destruction.
92%
Earth sucks.
91.1%
They just lose their patience.
91.1%
They ended up in a tie.
90.9%
% Correct
Fruit flies like a banana.
89.9%
It didn't pan out.
89.6%
One was a salted.
89.6%
'Are you two an item?'
89.4%
He couldn't find the key.
88.7%
A three-year-old was resisting a rest.
88.6%
He got a little behind in his work.
86.6%
The kids were nothing to look at either.
86.4%
He couldn't finish his last movement.
85.4%
'I'll serve you, but don't start anything.'
84%
Remove Ads.
Support Sporcle.
Get the best of Sporcle when you Go Orange. This ad-free experience offers more features, more stats, and more fun while also helping to support Sporcle. Thank you for becoming a member.

You're not logged in!

Compare scores with friends on all Sporcle quizzes.
OR
Log In

Show Comments

Extras

Top Quizzes Today


Score Distribution

Your Account Isn't Verified!

In order to create a playlist on Sporcle, you need to verify the email address you used during registration. Go to your Sporcle Settings to finish the process.

Report this User

Report this user for behavior that violates our Community Guidelines.

Details: